000
00318nam a2200121Ia 4500
005
20251222144624.0
008
251222s9999||||xx |||||||||||||| ||spa||
082
_a
239.4/M94
100
_a
Müller, Gerardo
245
0
_a
La pastoral de la Didajé
264
_b
Facultad de Teología ''Redemptoris Mater''
942
_c
LIB
999
_c
16053
_d
16053